| 000 | 00345nam a2200133Ia 4500 | ||
|---|---|---|---|
| 008 | 240624s9999 xx 000 0 und d | ||
| 041 | _aeng | ||
| 082 | _a823 RUT | ||
| 100 | _aRUTHERFORD ALEX | ||
| 245 | _aEMPIRE OF THE MOGHUL RAIDERS FROM THE NO | ||
| 260 |
_c2010 _aNew Delhi _bHatchette India |
||
| 300 | _a434 : p. : cm. ; 24 | ||
| 365 | _cRS | ||
| 999 |
_c16954 _d16954 |
||